Marco normativo para entidades de gobierno / (Registro nro. 30917)
[ vista simple ]
| 000 -LEADER | |
|---|---|
| fixed length control field | 01194nam a22002897a 4500 |
| 003 - CONTROL NUMBER IDENTIFIER | |
| control field | OSt |
| 005 - DATE AND TIME OF LATEST TRANSACTION | |
| control field | 20250124122616.0 |
| 008 - FIXED-LENGTH DATA ELEMENTS--GENERAL INFORMATION | |
| fixed length control field | 250124b |||||||| |||| 00| 0 spa d |
| 020 ## - INTERNATIONAL STANDARD BOOK NUMBER | |
| International Standard Book Number | 9789585794887 |
| 037 ## - SOURCE OF ACQUISITION | |
| Source of stock number/acquisition | Donación |
| 040 ## - CATALOGING SOURCE | |
| Original cataloging agency | CO-JMCR |
| Language of cataloging | spa |
| Transcribing agency | CO-JMCR |
| Modifying agency | CO-JMCR |
| Description conventions | rda |
| 041 0# - LANGUAGE CODE | |
| Language code of text/sound track or separate title | spa |
| 082 04 - DEWEY DECIMAL CLASSIFICATION NUMBER | |
| Edition number | 23 |
| Classification number | 351.723 |
| Item number | M32m1 |
| 110 1# - MAIN ENTRY--CORPORATE NAME | |
| Corporate name or jurisdiction name as entry element | Bogotá |
| Subordinate unit | Contaduría General de la Nación |
| 9 (RLIN) | 43993 |
| 245 10 - TITLE STATEMENT | |
| Title | Marco normativo para entidades de gobierno / |
| Statement of responsibility, etc. | equipo de investigación y apoyo técnico, Martha Liliana Arias Bello [y otros siete] |
| 260 ## - PUBLICATION, DISTRIBUTION, ETC. | |
| Place of publication, distribution, etc. | Bogotá : |
| Name of publisher, distributor, etc. | Contaduría General de la Nación, |
| -- | Ministerio de Hacienda, |
| Date of publication, distribution, etc. | 2016. |
| 300 ## - PHYSICAL DESCRIPTION | |
| Extent | 355 páginas ; |
| Dimensions | 24 cm. |
| 700 1# - ADDED ENTRY--PERSONAL NAME | |
| Personal name | Arias Bello, Martha Liliana |
| Relator term | editora |
| 9 (RLIN) | 43994 |
| 700 1# - ADDED ENTRY--PERSONAL NAME | |
| Personal name | Castaño Pineda, Freddy Armando |
| Relator term | editor |
| 9 (RLIN) | 43995 |
| 700 1# - ADDED ENTRY--PERSONAL NAME | |
| Personal name | Claros González, Yenny |
| Relator term | editora |
| 9 (RLIN) | 43996 |
| 700 1# - ADDED ENTRY--PERSONAL NAME | |
| Personal name | Espinosa Flórez, Germán Eduardo |
| Relator term | editor |
| 9 (RLIN) | 43997 |
| 700 1# - ADDED ENTRY--PERSONAL NAME | |
| Personal name | González Cómbita, Silvia Maritza |
| Relator term | editora |
| 9 (RLIN) | 43998 |
| 700 1# - ADDED ENTRY--PERSONAL NAME | |
| Personal name | Peña González, Héctor Hernando |
| Relator term | editor |
| 9 (RLIN) | 43999 |
| 700 1# - ADDED ENTRY--PERSONAL NAME | |
| Personal name | Rodríguez Ramírez, Carlos Andrés |
| Relator term | editor |
| 9 (RLIN) | 44000 |
| 700 1# - ADDED ENTRY--PERSONAL NAME | |
| Personal name | Valencia Cubillos, Luis Jaime |
| Relator term | editor |
| 9 (RLIN) | 44001 |
| 942 ## - ADDED ENTRY ELEMENTS (KOHA) | |
| Source of classification or shelving scheme | Dewey Decimal Classification |
| Koha item type | Books |
| Withdrawn status | Lost status | Source of classification or shelving scheme | Damaged status | Not for loan | Collection code | Home library | Current library | Shelving location | Date acquired | Source of acquisition | Total Checkouts | Full call number | Barcode | Date last seen | Copy number | Price effective from | Koha item type |
|---|---|---|---|---|---|---|---|---|---|---|---|---|---|---|---|---|---|
| Dewey Decimal Classification | Non-fiction | Biblioteca Pública José María del Castillo y Rada | Biblioteca Pública José María del Castillo y Rada | Book Cart | 04/15/2024 | Donación | 351.723 M32m | 201812402 | 01/24/2025 | Ej.1 | 01/24/2025 | Books |